<?xml version="1.0" encoding="UTF-8"?>
<record
    xmlns:xsi="http://www.w3.org/2001/XMLSchema-instance"
    xsi:schemaLocation="http://www.loc.gov/MARC21/slim http://www.loc.gov/standards/marcxml/schema/MARC21slim.xsd"
    xmlns="http://www.loc.gov/MARC21/slim">

  <leader>00580nam a2200169 a 4500</leader>
  <controlfield tag="001">4907</controlfield>
  <controlfield tag="003">CDMR</controlfield>
  <controlfield tag="005">20131022155326.0</controlfield>
  <controlfield tag="008">130130s2003||||||||||||||||||||||||||||d</controlfield>
  <datafield tag="020" ind1=" " ind2=" ">
    <subfield code="a">8401378613</subfield>
  </datafield>
  <datafield tag="040" ind1=" " ind2=" ">
    <subfield code="a">CDMR</subfield>
    <subfield code="b">cat</subfield>
    <subfield code="c">CDMR</subfield>
  </datafield>
  <datafield tag="245" ind1=" " ind2="0">
    <subfield code="a">Informe Semanal</subfield>
    <subfield code="b">: 30 a&#xF1;os de historia</subfield>
    <subfield code="c">edici&#xF3;n a cargo de Baltasar Magro ; con la colaboraci&#xF3;n de: Elena de Rom&#xE1;n (textos) y Carlos L&#xF3;pez (selecci&#xF3;n de im&#xE1;genes)</subfield>
  </datafield>
  <datafield tag="260" ind1=" " ind2=" ">
    <subfield code="c">2003</subfield>
    <subfield code="b">Plaza &amp; Jan&#xE9;s</subfield>
    <subfield code="a">[Barcelona]</subfield>
  </datafield>
  <datafield tag="300" ind1=" " ind2=" ">
    <subfield code="a">261 p.</subfield>
    <subfield code="b">il. col.</subfield>
  </datafield>
  <datafield tag="700" ind1="1" ind2=" ">
    <subfield code="9">3275</subfield>
    <subfield code="a">Magro Santana, Baltasar</subfield>
    <subfield code="d">1949-</subfield>
    <subfield code="e">ed.</subfield>
  </datafield>
  <datafield tag="942" ind1=" " ind2=" ">
    <subfield code="c">MON</subfield>
    <subfield code="2">udc</subfield>
  </datafield>
  <datafield tag="999" ind1=" " ind2=" ">
    <subfield code="c">4907</subfield>
    <subfield code="d">4907</subfield>
  </datafield>
  <datafield tag="952" ind1=" " ind2=" ">
    <subfield code="0">0</subfield>
    <subfield code="1">0</subfield>
    <subfield code="4">0</subfield>
    <subfield code="7">0</subfield>
    <subfield code="a">CDMR</subfield>
    <subfield code="b">CDMR</subfield>
    <subfield code="d">2013-01-16</subfield>
    <subfield code="l">0</subfield>
    <subfield code="o">Fo 6/14</subfield>
    <subfield code="p">CDMR13097619O</subfield>
    <subfield code="r">2013-01-16</subfield>
    <subfield code="w">2013-01-16</subfield>
    <subfield code="y">MON</subfield>
  </datafield>
</record>
